Loading...
| History - World History | 0 | 4 | 0 | 1 | 40 | 68 | 95.50 | 0 | 3 |
| History - Other History | 0 | 3 | 0 | 0 | 30 | 63 | 87.00 | 1 | 3 |
| Religion | 0 | 3 | 1 | 0 | 25 | 88 | 98.00 | 0 | 2 |
| Fine Arts - Other Fine Arts | 0 | 2 | 0 | 0 | 20 | 118 | 127.50 | 0 | 1 |
| History - American History | 0 | 2 | 0 | 2 | 20 | 107 | 112.50 | 0 | 2 |
| Mythology | 0 | 2 | 0 | 0 | 20 | 68 | 93.50 | 0 | 1 |
| Philosophy | 0 | 2 | 0 | 0 | 20 | 41 | 80.50 | 1 | 1 |
| Pop Culture | 0 | 1 | 0 | 0 | 10 | 135 | 135.00 | 0 | 1 |
| Geography | 0 | 1 | 0 | 1 | 10 | 141 | 141.00 | 0 | 0 |
| History - European History | 0 | 1 | 0 | 0 | 10 | 66 | 66.00 | 1 | 1 |
| Science - Biology | 0 | 1 | 0 | 0 | 10 | 95 | 95.00 | 0 | 1 |
| Social Science | 0 | 0 | 0 | 0 | 0 | 0.00 | 0 | 0 |